000 00555nam a2200181Ia 4500
005 20250508155246.0
008 008 250505s9999 xx 000 0 hin d
037 _aBooks to be hide in OPAC
040 _aFEDL
_beng
_cFEDL
041 _ahin
_2eng
084 _a791.53, IND/O
_qFEDL
100 _aDevilal Samar
_9766812
245 0 _aKatthputli natak: Kala aur samasyein
260 _aNew Delhi, India
_bVegiyanik Anusandhan aur Sanskritik Karya Mantralaya
300 _a58p.
942 _cHB
_h791.53, IND/O
999 _c1355577
_d1355577